| 000 | 00461nam a2200193Ia 4500 | ||
|---|---|---|---|
| 008 | 170918s9999 xx 000 0 und d | ||
| 020 | _a9780590411967 | ||
| 050 | _bK917 1955 | ||
| 100 | _aKrauss, Ruth | ||
| 245 | _aIs this you? / | ||
| 245 | _cby Ruth Krauss and Crockett Johnson. | ||
| 260 | _aNew York : | ||
| 260 | _bScholastic, | ||
| 260 | _c1955 | ||
| 300 | _aunpaged : | ||
| 300 | _bcolored illustration ; | ||
| 300 | _c23cm. | ||
| 500 | _aBR | ||
| 999 |
_c342815 _d342815 |
||